000
00267nam a2200097Ia 4500
082
_a
ST 909 BOTT
245
0
_a
History. Grade 12 : learner's book
100
_a
BOTTARO, Jean Cape Town, 2009
_9
95497
942
_c
BK
008
210817s9999 xx 000 0 und d
999
_c
396383
_d
396382